Name the Panic at the Disco Song - Statistics

General Stats
  • This quiz has been taken 874 times
  • The average score is 11 of 15
Answer Stats
Hint Answer % Correct
Champagne, cocaine, gasoline and most things inbetween/ I roam the city in a shopping cart Dont threaten me with a good time.
95%
And yes, but what a shame, what a shame the poor groom's bride is a whore I write sins not tragedies
93%
Your eyes are the size of the moon/ You're good cause you can, so you do/ We're feeling so good just the way that we do Nine in the afternoon
91%
She said your just like Mike love but you wanna be Brian Wilson, Brian Wilson Crazy=Genius
84%
Oh, this is the beat of my heart, this is the beat of my heart This is Gospel
82%
Say what you mean/ Tell me I'm right/ And let the sun rain down on me/ Give me a sign/ I want to believe The Ballad of Mona Lisa
80%
You fooled me once with your eyes now honey/ you fooled me twice with your lies and I say Sarah Smiles
77%
Along with the people inside/ What a wonderful caricature of intimacy/ Inside what a wonderful caricature of intimacy Build god then we'll talk
71%
Where villians spend the weekend/ The deep end/ We're swimming with the sharks until we drown Vegas Lights
68%
Ever since we met/ I only shoot up with your perfume/ its the only thing that makes me feel as good as you do Nearly Witches
64%
Fate will play us out/ With a song of pure romance/ Stomp your feet and clap your hands Lets Kill tonight
63%
She held the world upon a string/ But she didn't ever hold me She had the world
59%
Where'd you go/ You were all I've ever known/ How I miss yesterday/ How'd I let it fade away Memories
57%
And I believe this may call for a proper introduction and well/ don't you see, I'm the narrator and this is just the prologue The only difference between martyrdom and suicide is press coverage
40%
When you're in black slacks with accentuating off-white pinstripes/ woah, everything goes according to plan. Theres a good reason these tables are numbered honey, you just haven't thought of it yet
37%
No matching quizzes found
Score Distribution
Percent of People with Each Score
Percentile by Number Answered
Your Score History
You have not taken this quiz